Socio-economic analysis of the problem of non-recovery of bank loans to farmers (Record no. 20258)

MARC details
000 -LEADER
fixed length control field 00587nam a2200193Ia 4500
082 ## - DEWEY DECIMAL CLASSIFICATION NUMBER
Classification number TJ.0211
100 ## - MAIN ENTRY--AUTHOR NAME
Personal name Joginder Singh
245 #0 - TITLE STATEMENT
Title Socio-economic analysis of the problem of non-recovery of bank loans to farmers
260 ## - PUBLICATION, DISTRIBUTION, ETC. (IMPRINT)
Year of publication 1999
Name of publisher Maharshi Dayanand University
300 ## - PHYSICAL DESCRIPTION
Number of Pages 198p. + C D - 42
650 ## - SUBJECT ADDED ENTRY--TOPICAL TERM
Topical Term LOANS - INDIA
650 ## - SUBJECT ADDED ENTRY--TOPICAL TERM
Topical Term BANK LOANS - INDIA
650 ## - SUBJECT ADDED ENTRY--TOPICAL TERM
Topical Term BANK LOANS - HARYANA
650 ## - SUBJECT ADDED ENTRY--TOPICAL TERM
Topical Term LOANS - HARYANA
650 ## - SUBJECT ADDED ENTRY--TOPICAL TERM
Topical Term FARMERS SOCIO-ECONOMIC STATUS - HARYANA
650 ## - SUBJECT ADDED ENTRY--TOPICAL TERM
Topical Term FARMERS SOCIO-ECONOMIC STATUS - INDIA
710 ## - ADDED ENTRY--CORPORATE NAME
Corporate name or jurisdiction name as entry element Rana, A.S.
942 ## - ADDED ENTRY ELEMENTS (KOHA)
Koha item type Thesis
Source of classification or shelving scheme Dewey Decimal Classification
Holdings
Withdrawn status Lost status Damaged status Not for loan Home library Current library Date acquired Bill Date Full call number Accession Number Price effective from Koha item type
        NASSDOC Library NASSDOC Library 08/10/2004 2004-10-05 TJ.0211 37804 18/04/2019 Thesis